zpět

Detail výsledku týmu

U Dvou dobráků PO, Opava

Datum a čas kvízu

23 Celkem bodů Celkový počet nahraných bodů na tomto kvízu bez doplňovacích otázek.
11. Pořadí na kvízu Konečné umístění týmu na tomto kvízu.

Zaznamenané odpovědi

# Otázka Odpověď Body Výsledky
1. Bývalý europoslanec a zakladat... 1
2. V centru Paříže se v sobotu se... 1
3. Jak se jmenuje známá osobnost,... 1
4. Jeden tuzemský pivovar oznámil... 1
5. Nejlepším hráčem španělské La... 1
6. Z filmu S tebou mě baví svět:... 0
7. "Soudruhu doktore, já jsem red... 0
8. "Jeho nejtemnější temnosti, kr... 0
9. Který český král se dle septim... 0
10. „Hele, Hanko, já ti musim něco... 0